Power Transmission : Mechanical, Hydraulic, Pneumatic, and Electrical /

Zapisane w:
Opis bibliograficzny
1. autor: Scott, Thomas E. (autor)
Format: Książka
Język:angielski
Wydane: Upper Saddle River, EUA : Prentice-Hall, 2000, c2000
Hasła przedmiotowe:
Etykiety: Dodaj etykietę
Nie ma etykietki, Dołącz pierwszą etykiete!

MARC

LEADER 00000nam^a2200000^a^4500
001 000146417
005 20250521000000.0
009 20260310095911.557
020 |a 0-13-095386-5 
037 |a Acervo ITESO - Biblioteca 
041 |a ING 
082 |a 621. 85  |b SCO 
100 |a Scott, Thomas E.  |e (autor) 
245 1 0 |a Power Transmission :  |b Mechanical, Hydraulic, Pneumatic, and Electrical /  |c T.E. Scott. 
264 4 |a Upper Saddle River, EUA :  |b Prentice-Hall,  |c 2000, c2000 
300 |a XIII, 319 p. 
336 |a texto  |b txt  |2 rdacontenido 
337 |a sin mediación  |b n  |2 rdamedio 
338 |a volumen  |b nc  |2 rdasoporte 
649 |a XX 
650 |a Transmisión de Potencia 
650 |a Engranajes 
650 |a Cadenas 
650 |a Correas de Transmisión 
650 |a Embragues (Maquinaria) 
650 |a Cojinetes (Maquinaria) 
650 |a Ensambles (Maquinaria) 
650 |a Motores Eléctricos 
650 |a Bombas Neumáticas 
650 |a Maquinaria de Bombeo 
650 |a Motores de Combustión Interna 
650 |a Maquinaria 
650 |a Energía Mecánica 
650 |a Ingeniería Mecánica 
910 |a Fondo General 
920 |a Impresos - Libros 
930 |a Colección General 
905 |a 101 
901 |a 0500075604  |b IT1  |c ACC  |u 20250521 
902 |a https://opac.biblio.iteso.mx/vufind/Record/000146417